Computational geometry : Algorithms and Applications

Guardado en:
Detalles Bibliográficos
Autores principales: Berg, Mark (Autor), Cheong, Otfried (Autor), Kreveld, Marc (Autor), Overmars, Mark (Autor)
Formato: Libro
Lenguaje:inglés
Publicado: Berlin : Springer Verlag, 2008
Edición:3th ed.
Materias:
Etiquetas: Agregar Etiqueta
Sin Etiquetas, Sea el primero en etiquetar este registro!

MARC

LEADER 00000nam a22000003a 4500
001 stu202806
005 20150617230052.5
008 100427s1994----gw------------------eng-d
020 |a 978-3-540-77973-5 
040 |a STU  |b slo 
041 0 |a eng 
044 |a gw 
080 |a 004.021 
080 |a 004.414.23 
080 |a 514 
100 1 |a Berg, Mark  |4 aut 
245 1 |a Computational geometry :  |b Algorithms and Applications 
250 |a 3th ed. 
260 |a Berlin :  |b Springer Verlag,  |c 2008 
300 |a 386 s 
650 7 |a výpočtová geometria  |2 stusub 
650 7 |a počítačové modelovanie  |2 stusub 
700 1 |a Cheong, Otfried  |4 aut 
700 1 |a Kreveld, Marc  |4 aut 
700 1 |a Overmars, Mark  |4 aut 
996 |b 284EK88252  |c E*88252  |l EE30  |s P  |a 0  |w stu202806_0001